Queen Songs by First Line - Statistics

General Stats
  • This quiz has been taken 10,635 times
  • The average score is 9 of 20
Answer Stats
Hint Answer % Correct
Is this the real life? Bohemian Rhapsody
96%
I've paid my dues, time after time. We Are the Champions
85%
Tonight, I'm gonna have myself a real good time. Don't Stop Me Now
82%
She keeps a Moet et Chandon in her pretty cabinet. Killer Queen
82%
Buddy you're a boy, make a big noise. We Will Rock You
80%
Steve walks warily down the street. Another One Bites the Dust
65%
Are you gonna take me home tonight? Fat-Bottomed Girls
59%
Each morning I get up I die a little. Somebody to Love
57%
Ooh, you make me live. You're My Best Friend
54%
Empty spaces-- what we are living for. The Show Must Go On
48%
Fear me you lords and lady preachers. Seven Seas of Rhye
33%
I can dim the lights and sing you songs full of sad things. Good Old-Fashioned Lover Boy
32%
Here I stand. (Here I stand.) Now I'm Here
27%
It started out so well. Save Me
27%
Adventure seeker on an empty street. I Want It All
26%
Open up your mind and let me step inside. Play the Game
26%
While the sun hangs in the sky and the desert has sand. Innuendo
24%
I'm just the pieces of the man I used to be. Too Much Love Will Kill You
17%
Another red letter day. Friends Will Be Friends
15%
Sometimes I feel I'm gonna break down and cry. Living On My Own
15%
No matching quizzes found
Score Distribution
Percent of People with Each Score
Percentile by Number Answered
Your Score History
You have not taken this quiz